| 000 | 00582nam a2200181 a 4500 | ||
|---|---|---|---|
| 001 | 18960 | ||
| 005 | 20180713212332.0 | ||
| 008 | 140415s1945 000 0 spa d | ||
| 041 | _aspa | ||
| 082 |
_a970.015 _bLUM |
||
| 100 | 1 | _aLUMMIS, CARLOS F. | |
| 245 | 1 | 4 |
_aLOS EXPLORADORES ESPAÑOLES DEL SIGLO XVI, VINDICACION : _bDE LA ACCION COLONIZADORA ESPAÑOLA EN AMERICA |
| 260 |
_a[s.l.] : _bESPASA, CALPE, _c1945 |
||
| 300 | _a239 | ||
| 490 |
_aAUSTRAL _v514 |
||
| 650 | 1 | 4 |
_aAMERICA _xDESCUBRIMIENTO Y EXPLORACIONES ESPAOLAS |
| 700 | 1 |
_aALTAMIRA, RAFAEL _epról. |
|
| 999 |
_c18960 _d18960 |
||